[Event "Madrid-chT 2324"]
[Site "Madrid"]
[Date "2024.03.17"]
[Round "14.6"]
[White "Horcajuelo Rocamora, Martin"]
[Black "Hernandez Ramos, David"]
[Result "1-0"]
[WhiteElo "2183"]
[BlackElo "2090"]
[PlyCount "93"]
[EventDate "2023.11.19"]
[EventType "team-tourn"]
[EventRounds "14"]
[EventCountry "ESP"]
[SourceTitle "AjedrezenMadrid"]
[Source "lmi"]
[SourceDate "2023.11.19"]
[SourceVersion "1"]
[SourceVersionDate "2024.03.19"]
[SourceQuality "1"]
[WhiteTeam "Alcorcon Diagonal"]
[BlackTeam "San Sebastian de los Reyes"]
[WhiteTeamCountry "ESP"]
[BlackTeamCountry "ESP"]

1. d4 Nf6 2. c4 e6 3. Nf3 b6 4. g3 Bb4+ 5. Bd2 Be7 6. Nc3 d5 7. Bg2 c6 8. O-O
Ba6 9. cxd5 cxd5 10. Re1 O-O 11. Ne5 Bb7 12. Rc1 Nfd7 13. Nd3 Nc6 14. e4 dxe4
15. d5 exd5 16. Nxd5 Nf6 17. Nxf6+ Bxf6 18. Bxe4 Na5 19. Qf3 Bxe4 20. Qxe4 Bxb2
21. Rb1 Bf6 22. Bxa5 bxa5 23. Rb5 Rb8 24. Rh5 h6 25. Rd5 Qc7 26. a4 Rb6 27. Rc5
Qb8 28. Rec1 Re8 29. Qg4 Rb1 30. Kg2 Rxc1 31. Nxc1 Qb1 32. Qf5 Qxf5 33. Rxf5
Bc3 34. Rc5 Bb4 35. Rc4 Rb8 36. Rc7 Bd2 37. Nd3 Rb3 38. Ne5 f6 39. Nf3 Bb4 40.
Nd4 Ra3 41. Ne6 Rxa4 42. Rxg7+ Kh8 43. Rxa7 Ra2 44. Kf3 Be1 45. Kg4 Re2 46. Kf5
Bc3 47. Kg6 1-0

[Event "Madrid-chT 2324"]
[Site "Madrid"]
[Date "2024.03.17"]
[Round "14.1"]
[White "Moreno Ruiz, Javier"]
[Black "Trost, Edvin"]
[Result "0-1"]
[WhiteElo "2406"]
[BlackElo "2432"]
[PlyCount "70"]
[EventDate "2023.11.19"]
[EventType "team-tourn"]
[EventRounds "14"]
[EventCountry "ESP"]
[SourceTitle "AjedrezenMadrid"]
[Source "lmi"]
[SourceDate "2023.11.19"]
[SourceVersion "1"]
[SourceVersionDate "2024.03.19"]
[SourceQuality "1"]
[WhiteTeam "Mostoles"]
[BlackTeam "Villalba 64"]
[WhiteTeamCountry "ESP"]
[BlackTeamCountry "ESP"]

1. c4 e6 2. g3 d5 3. Bg2 d4 4. Nf3 c5 5. e3 Ne7 6. exd4 cxd4 7. d3 Nec6 8. O-O
Be7 9. Re1 O-O 10. Na3 f6 11. Nh4 Na6 12. Nc2 e5 13. a3 g5 14. b4 Nc7 15. Nf3
Bf5 16. b5 Na5 17. Nb4 a6 18. b6 Ne6 19. h4 h6 20. hxg5 hxg5 21. Qa4 Bxb4 22.
axb4 Nc6 23. c5 Kg7 24. Qb3 Rh8 25. Nd2 Qg8 26. Ne4 Bh3 27. Bxh3 Rxh3 28. Nd6
Nxb4 29. Bd2 Nc6 30. Qd5 Rd8 31. Qg2 Qh7 32. Nxb7 Rh8 33. Qxc6 Rh1+ 34. Kg2
Rh2+ 35. Kg1 Qh3 0-1

[Event "Madrid-chT 2324"]
[Site "Madrid"]
[Date "2024.03.17"]
[Round "14.2"]
[White "Garrido Dominguez, Jesus"]
[Black "Calvo Gonzalez, Jose Felix"]
[Result "0-1"]
[WhiteElo "2401"]
[BlackElo "2113"]
[PlyCount "80"]
[EventDate "2023.11.19"]
[EventType "team-tourn"]
[EventRounds "14"]
[EventCountry "ESP"]
[SourceTitle "AjedrezenMadrid"]
[Source "lmi"]
[SourceDate "2023.11.19"]
[SourceVersion "1"]
[SourceVersionDate "2024.03.19"]
[SourceQuality "1"]
[WhiteTeam "Villalba 64"]
[BlackTeam "Mostoles"]
[WhiteTeamCountry "ESP"]
[BlackTeamCountry "ESP"]

1. e4 c5 2. Nf3 d6 3. c3 Nf6 4. d3 g6 5. h3 Bg7 6. Be3 b6 7. Nbd2 Bb7 8. Qb1
O-O 9. d4 e5 10. d5 Nbd7 11. Bd3 Rc8 12. c4 Nh5 13. g3 Qe7 14. Nh4 Nf4 15. Bc2
Ba6 16. Ba4 Bf6 17. Nhf3 Ng2+ 18. Ke2 Nxe3 19. fxe3 Bg7 20. g4 Kh8 21. Qc2 f5
22. g5 fxe4 23. Qxe4 b5 24. cxb5 Bb7 25. Nc4 Rxf3 26. Qxf3 e4 27. Qg3 Bxd5 28.
Bb3 Bxc4+ 29. Bxc4 Nb6 30. Bb3 d5 31. h4 d4 32. h5 d3+ 33. Kd1 c4 34. hxg6 cxb3
35. Qh3 Bxb2 36. axb3 Bxa1 37. Qf5 Bg7 38. Rxh7+ Kg8 39. Rh1 Qd7 40. Qxe4 Qd5
0-1

[Event "Madrid-chT 2324"]
[Site "Madrid"]
[Date "2024.03.17"]
[Round "14.3"]
[White "Medina Riesgo, Pedro"]
[Black "Garcia Luengo, Leandro"]
[Result "1/2-1/2"]
[WhiteElo "2176"]
[BlackElo "2278"]
[PlyCount "112"]
[EventDate "2023.11.19"]
[EventType "team-tourn"]
[EventRounds "14"]
[EventCountry "ESP"]
[SourceTitle "AjedrezenMadrid"]
[Source "lmi"]
[SourceDate "2023.11.19"]
[SourceVersion "1"]
[SourceVersionDate "2024.03.19"]
[SourceQuality "1"]
[WhiteTeam "Mostoles"]
[BlackTeam "Villalba 64"]
[WhiteTeamCountry "ESP"]
[BlackTeamCountry "ESP"]

1. e4 c5 2. Nc3 g6 3. f4 Bg7 4. Nf3 Nc6 5. Bb5 Nd4 6. O-O Nxb5 7. Nxb5 Nf6 8.
d3 O-O 9. c4 d6 10. Qe1 a6 11. Nc3 b5 12. Qh4 e6 13. f5 exf5 14. Bg5 h6 15.
Bxh6 Nh7 16. Bxg7 Kxg7 17. Qg3 bxc4 18. dxc4 fxe4 19. Nxe4 f5 20. Neg5 Nxg5 21.
Nxg5 Ra7 22. Rad1 Rf6 23. Rf4 Be6 24. Rh4 Bg8 25. Qh3 Re7 26. Rh7+ Kf8 27. Rh8
Rff7 28. Nxf7 Rxf7 29. Qh6+ Rg7 30. Qf4 Rd7 31. Qh4 Kg7 32. Qh6+ Kf7 33. h4 Qf6
34. h5 Rd8 35. hxg6+ Qxg6 36. Qxg6+ Kxg6 37. Rxg8+ Rxg8 38. Rxd6+ Kg5 39. Rxa6
Rd8 40. Rc6 Rd2 41. b3 Kg4 42. Rxc5 Rxa2 43. Rd5 f4 44. Rd3 Rc2 45. Kh2 Kh4 46.
Rd4 Kg5 47. Rd3 Kg4 48. Rh3 Kg5 49. b4 Rxc4 50. Rb3 Rc2 51. b5 f3 52. b6 f2 53.
b7 f1=Q 54. Rg3+ Kh5 55. b8=Q Rxg2+ 56. Rxg2 Qf4+ 1/2-1/2

[Event "Madrid-chT 2324"]
[Site "Madrid"]
[Date "2024.03.17"]
[Round "14.4"]
[White "Amador Garcia, Ismael"]
[Black "Albert Aparicio, Ismael"]
[Result "1-0"]
[WhiteElo "2223"]
[BlackElo "1930"]
[PlyCount "49"]
[EventDate "2023.11.19"]
[EventType "team-tourn"]
[EventRounds "14"]
[EventCountry "ESP"]
[SourceTitle "AjedrezenMadrid"]
[Source "lmi"]
[SourceDate "2023.11.19"]
[SourceVersion "1"]
[SourceVersionDate "2024.03.19"]
[SourceQuality "1"]
[WhiteTeam "Villalba 64"]
[BlackTeam "Mostoles"]
[WhiteTeamCountry "ESP"]
[BlackTeamCountry "ESP"]

1. e4 e5 2. Nf3 Nc6 3. Bc4 Nf6 4. d3 Bc5 5. Nc3 h6 6. a3 d6 7. Na4 Bb6 8. h3
Qe7 9. Nxb6 axb6 10. Be3 Na5 11. Ba2 c5 12. Nd2 Be6 13. Bxe6 Qxe6 14. f4 exf4
15. Bxf4 Nd5 16. O-O Nxf4 17. Rxf4 Nc6 18. Nc4 O-O 19. Nxb6 Qe5 20. Rf5 Qd4+
21. Kh2 Ne7 22. c3 Qe3 23. Nc4 Nxf5 24. Nxe3 Nxe3 25. Qe2 1-0

[Event "Madrid-chT 2324"]
[Site "Madrid"]
[Date "2024.03.17"]
[Round "14.5"]
[White "Fernandez Rodriguez, Juan"]
[Black "Pinto, Daniel"]
[Result "0-1"]
[WhiteElo "1765"]
[BlackElo "2261"]
[PlyCount "82"]
[EventDate "2023.11.19"]
[EventType "team-tourn"]
[EventRounds "14"]
[EventCountry "ESP"]
[SourceTitle "AjedrezenMadrid"]
[Source "lmi"]
[SourceDate "2023.11.19"]
[SourceVersion "1"]
[SourceVersionDate "2024.03.19"]
[SourceQuality "1"]
[WhiteTeam "Mostoles"]
[BlackTeam "Villalba 64"]
[WhiteTeamCountry "ESP"]
[BlackTeamCountry "ESP"]

1. d4 Nf6 2. c4 c5 3. d5 d6 4. Nc3 g6 5. g3 Bg7 6. Bg2 O-O 7. e4 e6 8. Nge2
exd5 9. exd5 Na6 10. O-O Re8 11. Bf4 Nh5 12. Be3 Rxe3 13. fxe3 Qe7 14. e4 Be5
15. Nf4 Nf6 16. h3 Bd7 17. Qf3 g5 18. Nh5 Nxh5 19. Qxh5 Bxg3 20. Rf3 Be5 21.
Raf1 f6 22. Qh6 Rf8 23. Rf5 Bxf5 24. Rxf5 Nb4 25. a3 Nd3 26. Nd1 Nf4 27. Bf3
Qg7 28. Qxg7+ Kxg7 29. b4 Nxh3+ 30. Kf1 cxb4 31. axb4 b6 32. Be2 Nf4 33. Ne3 a5
34. c5 dxc5 35. bxc5 bxc5 36. Nc4 a4 37. Nxe5 fxe5 38. Rxg5+ Kh6 39. Rxe5 Nd3+
40. Rf5 Rxf5+ 41. exf5 a3 0-1

[Event "Madrid-chT 2324"]
[Site "Madrid"]
[Date "2024.03.17"]
[Round "14.6"]
[White "Pascual Palomo, Lucia"]
[Black "Bocancea, Cristian Andrei"]
[Result "1-0"]
[WhiteElo "2077"]
[BlackElo "1831"]
[PlyCount "31"]
[EventDate "2023.11.19"]
[EventType "team-tourn"]
[EventRounds "14"]
[EventCountry "ESP"]
[SourceTitle "AjedrezenMadrid"]
[Source "lmi"]
[SourceDate "2023.11.19"]
[SourceVersion "1"]
[SourceVersionDate "2024.03.19"]
[SourceQuality "1"]
[WhiteTeam "Villalba 64"]
[BlackTeam "Mostoles"]
[WhiteTeamCountry "ESP"]
[BlackTeamCountry "ESP"]

1. e4 c5 2. Nf3 d6 3. d4 cxd4 4. Nxd4 Nf6 5. Nc3 Nc6 6. Be2 e5 7. Nb3 Be7 8.
O-O O-O 9. Be3 Be6 10. Bf3 a5 11. Nd5 a4 12. Bb6 Qd7 13. Nd2 Ra6 14. Be3 Ng4
15. Nb6 Nxe3 16. Nxd7 1-0

[Event "Madrid-chT 2324"]
[Site "Madrid"]
[Date "2024.03.17"]
[Round "14.1"]
[White "Quispe Arteaga, Gabriel"]
[Black "Albornoz Cabrera, Carlos Daniel"]
[Result "1/2-1/2"]
[WhiteElo "2401"]
[BlackElo "2603"]
[PlyCount "139"]
[EventDate "2023.11.19"]
[EventType "team-tourn"]
[EventRounds "14"]
[EventCountry "ESP"]
[SourceTitle "AjedrezenMadrid"]
[Source "lmi"]
[SourceDate "2023.11.19"]
[SourceVersion "1"]
[SourceVersionDate "2024.03.19"]
[SourceQuality "1"]
[WhiteTeam "Collado Villalba"]
[BlackTeam "Tajamar"]
[WhiteTeamCountry "ESP"]
[BlackTeamCountry "ESP"]

1. c4 Nf6 2. Nc3 e5 3. g3 Bb4 4. Bg2 O-O 5. e4 Bxc3 6. bxc3 c6 7. Ne2 d5 8.
cxd5 cxd5 9. exd5 Nxd5 10. d4 exd4 11. Qxd4 Be6 12. O-O Nc6 13. Qc5 Qb6 14.
Qxb6 axb6 15. Bd2 Rfd8 16. Rfb1 Nde7 17. Be3 Rxa2 18. Rxa2 Bxa2 19. Ra1 Bd5 20.
Bxb6 Re8 21. Rd1 Bxg2 22. Kxg2 Nc8 23. Be3 f6 24. Nd4 Rd8 25. Rb1 Nxd4 26. Bxd4
Rd7 27. g4 Ne7 28. Kf3 Kf7 29. Ke4 g6 30. Ra1 f5+ 31. gxf5 Nxf5 32. Ra8 Ke6 33.
Bc5 Rc7 34. Bd4 Nd6+ 35. Kd3 Rf7 36. Ke2 Rf5 37. Be3 Nc4 38. Rb8 Nxe3 39. Kxe3
Rb5 40. Rh8 Rh5 41. Rb8 b5 42. h4 Kd6 43. f4 Kc7 44. Rf8 Rxh4 45. f5 Rh3+ 46.
Kd4 Rf3 47. Rf7+ Kd6 48. Rxh7 Rxf5 49. Rg7 Rg5 50. Rg8 Ke6 51. Ke4 Kf6 52. Rf8+
Kg7 53. Rc8 Rh5 54. Kf3 Kh6 55. Rc6 Rf5+ 56. Kg3 Rg5+ 57. Kh3 Rd5 58. c4 Rd3+
59. Kg2 b4 60. Rb6 b3 61. c5 Rd2+ 62. Kg3 Rd3+ 63. Kg2 Rc3 64. c6 Kh5 65. c7 g5
66. Rxb3 Rxc7 67. Rb4 Rf7 68. Kg3 Rf4 69. Rxf4 gxf4+ 70. Kxf4 1/2-1/2

[Event "Madrid-chT 2324"]
[Site "Madrid"]
[Date "2024.03.17"]
[Round "14.2"]
[White "Elias Reyes, Jorge Roberto"]
[Black "Suarez Uriel, Adrian"]
[Result "1-0"]
[WhiteElo "2473"]
[BlackElo "2407"]
[PlyCount "56"]
[EventDate "2023.11.19"]
[EventType "team-tourn"]
[EventRounds "14"]
[EventCountry "ESP"]
[SourceTitle "AjedrezenMadrid"]
[Source "lmi"]
[SourceDate "2023.11.19"]
[SourceVersion "1"]
[SourceVersionDate "2024.03.19"]
[SourceQuality "1"]
[WhiteTeam "Tajamar"]
[BlackTeam "Collado Villalba"]
[WhiteTeamCountry "ESP"]
[BlackTeamCountry "ESP"]

1. e4 c5 2. Nf3 d6 3. d4 cxd4 4. Nxd4 Nf6 5. Nc3 a6 6. Be2 e5 7. Nb3 Be7 8. Be3
O-O 9. g4 Be6 10. g5 Nfd7 11. h4 a5 12. Bb5 Nb6 13. Bxb6 Qxb6 14. a4 Rc8 15.
Nd5 Bxd5 16. exd5 Qc7 17. Qg4 Na6 18. c3 Rf8 19. Bd3 Qb6 20. Bc2 f5 21. Qh3 Nc5
22. Nxc5 Qxb2 23. Kd2 Qb6 24. Ne6 Qxf2+ 25. Kc1 Rfc8 26. Ra3 f4 27. Rf1 Qe2 28.
h5 Qe3+ 1-0

[Event "Madrid-chT 2324"]
[Site "Madrid"]
[Date "2024.03.17"]
[Round "14.3"]
[White "Centeno Mendoza, Julio Stefano"]
[Black "Centron Antuna, Daniel"]
[Result "0-1"]
[WhiteElo "2068"]
[BlackElo "2234"]
[PlyCount "90"]
[EventDate "2023.11.19"]
[EventType "team-tourn"]
[EventRounds "14"]
[EventCountry "ESP"]
[SourceTitle "AjedrezenMadrid"]
[Source "lmi"]
[SourceDate "2023.11.19"]
[SourceVersion "1"]
[SourceVersionDate "2024.03.19"]
[SourceQuality "1"]
[WhiteTeam "Collado Villalba"]
[BlackTeam "Tajamar"]
[WhiteTeamCountry "ESP"]
[BlackTeamCountry "ESP"]

1. e4 d6 2. d4 Nf6 3. Nc3 g6 4. f4 Bg7 5. Nf3 O-O 6. Bd3 Nc6 7. e5 dxe5 8. dxe5
Nd5 9. Qd2 Bh6 10. Nxd5 Qxd5 11. Qc3 Bf5 12. Bxf5 gxf5 13. O-O Rad8 14. Be3 Qe4
15. g3 Rd5 16. a3 Rfd8 17. Rae1 Qa4 18. Bf2 e6 19. Re3 Bf8 20. Rd3 Rxd3 21.
cxd3 Qb5 22. Rd1 Qd5 23. Ne1 Be7 24. d4 Bc5 25. Nc2 Bb6 26. Rd3 Ba5 27. b4 Bb6
28. a4 a5 29. b5 Ne7 30. Ne3 Qa2 31. Qc4 Qb1+ 32. Kg2 Nd5 33. Nxd5 Rxd5 34. Rd2
Qe4+ 35. Kg1 Rc5 36. Qf1 Rc3 37. Qd1 c6 38. bxc6 Qxc6 39. Qh5 Qxa4 40. Qg5+ Kf8
41. Qh6+ Ke8 42. Qxh7 Rc1+ 43. Kg2 Qb5 44. Kh3 Qf1+ 45. Kh4 Bd8+ 0-1

[Event "Madrid-chT 2324"]
[Site "Madrid"]
[Date "2024.03.17"]
[Round "14.4"]
[White "Mkrtchyan, Levon"]
[Black "Rodriguez Gomez, Jose Antonio"]
[Result "1-0"]
[WhiteElo "2272"]
[BlackElo "1656"]
[PlyCount "99"]
[EventDate "2023.11.19"]
[EventType "team-tourn"]
[EventRounds "14"]
[EventCountry "ESP"]
[SourceTitle "AjedrezenMadrid"]
[Source "lmi"]
[SourceDate "2023.11.19"]
[SourceVersion "1"]
[SourceVersionDate "2024.03.19"]
[SourceQuality "1"]
[WhiteTeam "Tajamar"]
[BlackTeam "Collado Villalba"]
[WhiteTeamCountry "ESP"]
[BlackTeamCountry "ESP"]

1. e4 e5 2. Nf3 Nc6 3. Bc4 Bc5 4. O-O Nf6 5. d3 O-O 6. Re1 d6 7. c3 Na5 8. Bb5
Bb6 9. h3 a6 10. Ba4 h6 11. Nbd2 Nc6 12. Nf1 Ne7 13. d4 Ng6 14. Ng3 c6 15. Bc2
Be6 16. Nf5 exd4 17. N3xd4 Ne7 18. Ng3 Qc7 19. Qf3 Ng6 20. Ngf5 Ne5 21. Qg3 Ng6
22. Qxd6 Rfe8 23. Qxc7 Bxc7 24. f3 Rad8 25. Nxe6 Rxe6 26. Bb3 Ree8 27. Be3 Ne5
28. Rad1 Rxd1 29. Rxd1 Rd8 30. Rxd8+ Bxd8 31. Nd6 b5 32. Bd4 Nc4 33. Bxc4 bxc4
34. Bxf6 Bxf6 35. Nxc4 Bg5 36. Kf2 Kf8 37. Ne5 Bc1 38. Nd3 Bg5 39. f4 Be7 40.
Nb4 Bxb4 41. cxb4 Ke7 42. Ke3 Kd6 43. Kd4 g5 44. g3 f6 45. a4 Kd7 46. Kc5 Kc7
47. b5 axb5 48. axb5 h5 49. fxg5 cxb5 50. gxf6 1-0

[Event "Madrid-chT 2324"]
[Site "Madrid"]
[Date "2024.03.17"]
[Round "14.5"]
[White "Trepat Sorribes, Alberto"]
[Black "Rodriguez Avila, Alvaro"]
[Result "0-1"]
[WhiteElo "1569"]
[BlackElo "2142"]
[PlyCount "40"]
[EventDate "2023.11.19"]
[EventType "team-tourn"]
[EventRounds "14"]
[EventCountry "ESP"]
[SourceTitle "AjedrezenMadrid"]
[Source "lmi"]
[SourceDate "2023.11.19"]
[SourceVersion "1"]
[SourceVersionDate "2024.03.19"]
[SourceQuality "1"]
[WhiteTeam "Collado Villalba"]
[BlackTeam "Tajamar"]
[WhiteTeamCountry "ESP"]
[BlackTeamCountry "ESP"]

1. d4 Nf6 2. c4 e6 3. Nc3 Bb4 4. Bd2 c5 5. e3 cxd4 6. exd4 d5 7. cxd5 exd5 8.
Bb5+ Nc6 9. Nf3 O-O 10. O-O Bg4 11. Bxc6 bxc6 12. Qa4 Bxc3 13. Bxc3 Bxf3 14.
gxf3 Nh5 15. Rae1 Qf6 16. Qd1 Nf4 17. Kh1 h6 18. Rg1 Nh3 19. Rg2 Rfe8 20. Re3
Nxf2+ 0-1

[Event "Madrid-chT 2324"]
[Site "Madrid"]
[Date "2024.03.17"]
[Round "14.1"]
[White "Fernandez Blazquez, Diego"]
[Black "Taboas Rodriguez, Daniel"]
[Result "1/2-1/2"]
[WhiteElo "2231"]
[BlackElo "2356"]
[PlyCount "82"]
[EventDate "2023.11.19"]
[EventType "team-tourn"]
[EventRounds "14"]
[EventCountry "ESP"]
[SourceTitle "AjedrezenMadrid"]
[Source "lmi"]
[SourceDate "2023.11.19"]
[SourceVersion "1"]
[SourceVersionDate "2024.03.19"]
[SourceQuality "1"]
[WhiteTeam "San Fernando de Henares"]
[BlackTeam "Blanco y Negro"]
[WhiteTeamCountry "ESP"]
[BlackTeamCountry "ESP"]

1. Nf3 Nf6 2. c4 g6 3. b3 Bg7 4. Bb2 O-O 5. g3 b6 6. Bg2 Bb7 7. O-O d5 8. cxd5
Nxd5 9. Bxg7 Kxg7 10. Qc2 c5 11. Qb2+ Nf6 12. Rd1 Qc7 13. Nc3 Nc6 14. Nd5 Qd6
15. Ne3 Rad8 16. Rac1 Rd7 17. Nc4 Qc7 18. Nce5 Rd6 19. Nc4 Rd7 20. Nce5 Nxe5
21. Qxe5 Bxf3 22. Qxc7 Rxc7 23. Bxf3 Rd7 24. d3 Rfd8 25. Rc4 a5 26. a3 Rd4 27.
Rdc1 R8d6 28. Rxd4 Rxd4 29. Rc3 e5 30. Kf1 e4 31. Bxe4 Nxe4 32. dxe4 Rxe4 33.
e3 f5 34. Ke2 Kf6 35. Kd3 Ke6 36. f3 Re5 37. h4 Kd5 38. a4 Re7 39. Rc4 Rb7 40.
e4+ fxe4+ 41. Rxe4 b5 1/2-1/2

[Event "Madrid-chT 2324"]
[Site "Madrid"]
[Date "2024.03.17"]
[Round "14.2"]
[White "Renteria Becerra, Jorge Elicer"]
[Black "Perez Gonzalez, Jose Manuel"]
[Result "1/2-1/2"]
[WhiteElo "2194"]
[BlackElo "2199"]
[PlyCount "83"]
[EventDate "2023.11.19"]
[EventType "team-tourn"]
[EventRounds "14"]
[EventCountry "ESP"]
[SourceTitle "AjedrezenMadrid"]
[Source "lmi"]
[SourceDate "2023.11.19"]
[SourceVersion "1"]
[SourceVersionDate "2024.03.19"]
[SourceQuality "1"]
[WhiteTeam "Blanco y Negro"]
[BlackTeam "San Fernando de Henares"]
[WhiteTeamCountry "ESP"]
[BlackTeamCountry "ESP"]

1. e4 d6 2. d4 Nf6 3. Nc3 g6 4. Bg5 Bg7 5. e5 dxe5 6. dxe5 Ng4 7. Qxd8+ Kxd8 8.
Rd1+ Bd7 9. e6 fxe6 10. Bc4 Ke8 11. Nf3 Nc6 12. O-O Nge5 13. Nxe5 Nxe5 14. Bb3
Nf7 15. Bf4 Nd6 16. Rfe1 Rf8 17. Be5 Bxe5 18. Rxe5 Rf6 19. Re3 Rd8 20. g3 c5
21. Ne4 Nxe4 22. Rxe4 b5 23. c4 b4 24. Re5 Rf5 25. Re3 Rc8 26. Bc2 Rf6 27. Re5
Rc7 28. f4 Rf8 29. h4 Rg8 30. Kf2 Kf7 31. h5 Kf6 32. hxg6 hxg6 33. Rh1 Kg7 34.
g4 Be8 35. Rxe6 Bf7 36. Re4 Rd8 37. Rhe1 Rd2+ 38. R1e2 Rxe2+ 39. Kxe2 Rc6 40.
Rxe7 Re6+ 41. Rxe6 Bxe6 42. Bd3 1/2-1/2

[Event "Madrid-chT 2324"]
[Site "Madrid"]
[Date "2024.03.17"]
[Round "14.3"]
[White "Jimenez Lopez, Antonio"]
[Black "Alarcia Astiz, Carlos"]
[Result "1/2-1/2"]
[WhiteElo "2176"]
[BlackElo "2236"]
[PlyCount "55"]
[EventDate "2023.11.19"]
[EventType "team-tourn"]
[EventRounds "14"]
[EventCountry "ESP"]
[SourceTitle "AjedrezenMadrid"]
[Source "lmi"]
[SourceDate "2023.11.19"]
[SourceVersion "1"]
[SourceVersionDate "2024.03.19"]
[SourceQuality "1"]
[WhiteTeam "San Fernando de Henares"]
[BlackTeam "Blanco y Negro"]
[WhiteTeamCountry "ESP"]
[BlackTeamCountry "ESP"]

1. e4 c6 2. d4 d5 3. Nc3 dxe4 4. Nxe4 Bf5 5. Ng3 Bg6 6. h4 h6 7. Nf3 Nd7 8. h5
Bh7 9. Bd3 Bxd3 10. Qxd3 e6 11. Bd2 Ngf6 12. O-O-O Qc7 13. Ne4 Nxe4 14. Qxe4
Nf6 15. Qe2 O-O-O 16. g3 Bd6 17. c4 c5 18. Bc3 cxd4 19. Nxd4 a6 20. Kb1 Rd7 21.
Rc1 Bc5 22. Nb3 Rhd8 23. Rh4 Qc6 24. Rf4 Ne8 25. Na5 Qb6 26. Nb3 Qc6 27. Na5
Qb6 28. Nb3 1/2-1/2

[Event "Madrid-chT 2324"]
[Site "Madrid"]
[Date "2024.03.17"]
[Round "14.4"]
[White "Alba Linero, Emilio"]
[Black "Garrido Olivares, Ricard"]
[Result "0-1"]
[WhiteElo "2205"]
[BlackElo "2158"]
[PlyCount "44"]
[EventDate "2023.11.19"]
[EventType "team-tourn"]
[EventRounds "14"]
[EventCountry "ESP"]
[SourceTitle "AjedrezenMadrid"]
[Source "lmi"]
[SourceDate "2023.11.19"]
[SourceVersion "1"]
[SourceVersionDate "2024.03.19"]
[SourceQuality "1"]
[WhiteTeam "Blanco y Negro"]
[BlackTeam "San Fernando de Henares"]
[WhiteTeamCountry "ESP"]
[BlackTeamCountry "ESP"]

1. e4 c6 2. d3 d5 3. Nd2 e5 4. Ngf3 Bd6 5. d4 exd4 6. exd5 Nf6 7. dxc6 Nxc6 8.
Nb3 O-O 9. Be2 Bc5 10. Nxc5 Qa5+ 11. c3 dxc3 12. b4 Qxb4 13. Nd3 Qa5 14. O-O
Rd8 15. Qb3 Bg4 16. Ng5 Bxe2 17. Nxf7 Qd5 18. Nxd8 Qxb3 19. axb3 Rxd8 20. Nf4
Bxf1 21. Kxf1 Rd1+ 22. Ke2 c2 0-1

[Event "Madrid-chT 2324"]
[Site "Madrid"]
[Date "2024.03.17"]
[Round "14.5"]
[White "Sempere Domenech, Abel"]
[Black "Rodriguez Melendez, Juan Humbert"]
[Result "1-0"]
[WhiteElo "1999"]
[BlackElo "2067"]
[PlyCount "91"]
[EventDate "2023.11.19"]
[EventType "team-tourn"]
[EventRounds "14"]
[EventCountry "ESP"]
[SourceTitle "AjedrezenMadrid"]
[Source "lmi"]
[SourceDate "2023.11.19"]
[SourceVersion "1"]
[SourceVersionDate "2024.03.19"]
[SourceQuality "1"]
[WhiteTeam "San Fernando de Henares"]
[BlackTeam "Blanco y Negro"]
[WhiteTeamCountry "ESP"]
[BlackTeamCountry "ESP"]

1. d4 Nf6 2. Bg5 d5 3. Bxf6 gxf6 4. Nd2 Bg7 5. e3 e5 6. Qh5 Be6 7. Nb3 Nd7 8.
Bd3 Qe7 9. Bf5 O-O-O 10. O-O-O Kb8 11. Ne2 Rc8 12. Nc3 c6 13. Kb1 Bxf5 14. Qxf5
Qe6 15. Qd3 e4 16. Qe2 h5 17. h4 Bf8 18. Rc1 Bb4 19. Na4 b5 20. Nac5 Nxc5 21.
dxc5 Qe7 22. Nd4 Bxc5 23. Nf5 Qe5 24. Ng3 Rcg8 25. Rcg1 Kb7 26. Qd2 f5 27. Ne2
Be7 28. Qa5 Bd8 29. Qd2 Bf6 30. c3 a5 31. a4 bxa4 32. Qc2 Ka6 33. Qxa4 Rb8 34.
Kc2 Qc7 35. Ra1 c5 36. Ra2 Rb5 37. Rd1 Rd8 38. Rd2 Bxh4 39. Nf4 d4 40. Qc4 dxe3
41. fxe3 Be1 42. Rxd8 Qxd8 43. Nd5 Bg3 44. Ra3 Be5 45. b4 cxb4 46. cxb4 1-0

[Event "Madrid-chT 2324"]
[Site "Madrid"]
[Date "2024.03.17"]
[Round "14.6"]
[White "Barbas, Fernando"]
[Black "Rodriguez Lopez, Ruben"]
[Result "0-1"]
[WhiteElo "1750"]
[BlackElo "1944"]
[PlyCount "69"]
[EventDate "2023.11.19"]
[EventType "team-tourn"]
[EventRounds "14"]
[EventCountry "ESP"]
[SourceTitle "AjedrezenMadrid"]
[Source "lmi"]
[SourceDate "2023.11.19"]
[SourceVersion "1"]
[SourceVersionDate "2024.03.19"]
[SourceQuality "1"]
[WhiteTeam "Blanco y Negro"]
[BlackTeam "San Fernando de Henares"]
[WhiteTeamCountry "ESP"]
[BlackTeamCountry "ESP"]

1. e4 e5 2. Nf3 Nc6 3. d4 exd4 4. Bc4 Nf6 5. O-O Nxe4 6. Re1 d5 7. Bxd5 Qxd5 8.
Nc3 Qd8 9. Nxe4 Be7 10. Bg5 O-O 11. Bxe7 Qxe7 12. Nxd4 Bd7 13. Nb3 Rad8 14.
Nec5 Bc8 15. Rxe7 Rxd1+ 16. Rxd1 Nxe7 17. h3 Nc6 18. c3 b6 19. Ne4 f6 20. Ng3
Kf7 21. Nd4 Rd8 22. Nge2 Ba6 23. Re1 Ne5 24. Nc1 c5 25. f4 cxd4 26. fxe5 dxc3
27. bxc3 fxe5 28. Kf2 Rd2+ 29. Kg3 Ke6 30. Re3 Bf1 31. Nb3 Rxa2 32. Nd4+ Kd5
33. Nf3 Rxg2+ 34. Kh4 Re2 35. Rd3+ 0-1